| 000 | 01426cam a2200169 4500500 | ||
|---|---|---|---|
| 005 | 20260322010936.0 | ||
| 041 | _afre | ||
| 042 | _adc | ||
| 100 | 1 | 0 |
_aChapon-Crouzet, Nathalie _eauthor |
| 700 | 1 | 0 |
_aNeyrand, Gérard _eauthor |
| 245 | 0 | 0 | _aIntroduction |
| 260 | _c2005. | ||
| 500 | _a37 | ||
| 520 | _aMagistrate depuis 1969, Simone Gaboriau est la première femme élue à la tête du Syndicat de la magistrature en 1982. Durant son mandat et en partie sous son impulsion, l’association des Magistrat·es européen·nes pour la démocratie et les libertés (MEDEL) est créée. Elle a exercé ses premières fonctions au parquet de Chaumont puis est devenue la première juge d’instruction à Bordeaux à l’âge de 28 ans, avant d’être conseillère à la Cour d’appel de Bordeaux en 1985. Elle a ensuite présidé le tribunal de grande instance de Limoges de 1990 à 2002. Retraitée depuis 2010, elle continue à s’investir au sein du syndicat. Elle contribue de longue date à la rédaction d’articles pour la revue Délibérée et continue ses engagements auprès de MEDEL. Militante, humaniste, Simone Gaboriau se livre sur son parcours et donne un précieux regard sur les enjeux de la magistrature et du syndicalisme judiciaire. | ||
| 786 | 0 | _nDialogue | 167 | 1 | 2005-03-01 | p. 3-6 | 0242-8962 | |
| 856 | 4 | 1 | _uhttps://shs.cairn.info/revue-dialogue-2005-1-page-3?lang=fr&redirect-ssocas=7080 |
| 999 |
_c1760822 _d1760822 |
||